000
00207nam a22000857a 4500
008
170203b xxu||||| |||| 00| 0 eng d
100
_9
2763
_a
CBSR
245
_a
Pertect TOBA- IX
260
_a
New Delhi
_b
Arichal
_c
2015
999
_c
5955
_d
5955